• 首页
  • 本馆介绍
  • 公告通知
  • 最新文献
  • 馆藏检索
  • 电子资源
  • 读者导购
  • 参考咨询
  • 我的图书馆
  • 登录
  • 详细信息显示
  • 放入我的书架
  • 预约/预借图书
  • 作者相关作品
  • 分类相关作品
  • 丛书相关作品
  • 出版社相关作品

书目信息

  • 表格格式
  • 工作单格式
  • 卡片格式
题名:
智慧的花朵
    
 
作者: ;北京科普创作协会 编
分册: 第二集  
出版信息: 北京   北京出版社  1980
页数: 346页
开本: 19cm
丛书名:
单 册:
中图分类: G3-49
科图分类:
主题词: 自然科学--普及读物
电子资源:
ISBN:
000 00768nam0 2200241 45
001 0180005599
005 20060812143941.29
010    @dCNY0.86
091    @a10071.437
100    @a19950703d1980 em y0chiy0121 ea
101 0  @achi
102    @aCN@b110000
105    @af z 000yy
200 10 @a智慧的花朵@Azhi hui de hua duo@e中外科学普及作品选@h第二集@f北京科普创作协会编@Fbei jing ke pu chuang zuo xie hui bian
210    @a北京@c北京出版社@d1980
215    @a346页@c图@d19cm
517 1  @a中外科学普及作品选@Azhong wai ke xue pu ji zuo pin xuan
606    @a自然科学@x普及读物
690    @aG3-49
711  0 @a北京科普创作协会@Abei jing ke pu chuang zuo xie hui@4编
801  2 @aCN@bNLC@c20060812
801  0 @aCN@b上海图书馆@c20060810
905    @dG3-49@e2:2
    
    智慧的花朵:中外科学普及作品选.第二集/北京科普创作协会编.-北京:北京出版社,1980
    346页:图;19cm
    
    
    ISBN :CNY0.86
    
●
相关链接 在E读中查询图书 在五车中查询图书 在当当中查询图书 在豆瓣中查询图书


正题名:智慧的花朵     索取号:G3-49/2:2         预约/预借

序号 登录号 条形码 馆藏地/架位号 状态 备注
1 0089568   000989032   密集书库/ [索取号:G3-49/2:2] 在馆    
2 0089570   202371664   密集书库/ [索取号:G3-49/2:2] 在馆    
3 0448279   204482791   密集书库/ [索取号:G3-49/2:2] 在馆    
4 0448280   204482808   密集书库/ [索取号:G3-49/2:2] 在馆    
5 0452381   204523818   密集书库/ [索取号:G3-49/2:2] 在馆    
唐山师范学院图书馆 欢迎您!
大连网信软件有限公司© 版权所有